000 01025nam0a2200313 4500
001 RU\NLR\BIBL_A\011768356
005 20180823132850.0
010 _a978-5-04-094188-9
_910000
021 _aRU
_bКН-П-18-051988
_9КН-П-18-3745
035 _a(NLR Aleph) 011768356
035 _a(RuMoRGB)009689715
090 _a11714084
_c11714084
100 _a20180814d2018 u y0rusy50 ca
101 0 _arus
102 _aRU
105 _ay|||z|||000 y
200 1 _aПравильная девчонка
_fВладимир Колычев
210 _aМосква
_cЭксмо
_d2018
215 _a348, [2] с.
_d17
225 1 _aЛюбовь зла и коварна
333 _a16+
686 2 _aШ6(2=Р)8-446
700 1 _7ca
_8rus
_aКолычев
_bВ. Г.
_f1968-
_gВладимир Григорьевич
_936105
_3RU\NLR\AUTH\7753172
942 _cBOOK
980 _aNBR
980 _aNB